Porifera & silentreta (Record no. 48347)

MARC details
000 -LEADER
fixed length control field 00362nam a2200145Ia 4500
008 - FIXED-LENGTH DATA ELEMENTS--GENERAL INFORMATION
fixed length control field 230917s9999||||xx |||||||||||||| ||und||
040 ## - CATALOGING SOURCE
-- 118241
Original cataloging agency VIVEKANANDA LIBRARY
041 ## - Language
-- English
082 ## - DDC NUMBER
Classification number 570 M779P
100 ## - MAIN ENTRY--PERSONAL NAME
Personal name Munna Jagdish Chander
245 #0 - TITLE STATEMENT
Title Porifera & silentreta
260 ## - PUBLICATION, DISTRIBUTION, ETC. (IMPRINT)
Place of publication, distribution, etc Chandigarh
Name of publisher, distributor, etc Haryana Hindi Garnth
Date of publication, distribution, etc 1974
300 ## - PHYSICAL DESCRIPTION
Pages 308p. p.
942 ## - ADDED ENTRY ELEMENTS (KOHA)
Koha item type Books
Holdings
Withdrawn status Lost status Damaged status Not for loan Location (home branch) Sublocation or collection (holding branch) Date acquired Koha issues (times borrowed) Koha full call number Accession No. Koha date last seen Koha item type
        VIVEKANANDA LIBRARY VIVEKANANDA LIBRARY 16/09/2008   570 M779P 115846 17/09/2023 Books
© Designed and Maintained by Vivekananda Library, MDU Rohtak